Top 10 Washed NBA Players OAT - Statistics

General Stats
  • This quiz has been taken 65 times
  • The average score is 5 of 10
Answer Stats
Team + Season Answer % Correct
1.Boston Celtics: 2010-11 Shaquille O'Neal
96%
2.Washington Wizards: 2002-03 Micheal Jordan
87%
10.Philidelphia 76ers: 2024-25 Paul George
70%
4.Denver Nuggets: 2024-25 Russell Westbrook
64%
5.Atlanta Hawks: 2019-20 Vince Carter
49%
8.Los Angeles Lakers: 2021-22 Carmelo Anthony
42%
7.Los Angeles Lakers: 2021-22 Dwight Howard
36%
3.Memphis Grizzlies: 2023-24 Derek Rose
32%
9.Boston Celtics: 2022-23 Blake Griffin
26%
6.Los Angeles Clippers: 2024-25 Ben Simmons
15%
No matching quizzes found
Score Distribution
Percent of People with Each Score
Percentile by Number Answered
Your Score History
You have not taken this quiz